| 000 | 01781nam0a2200361 i 4500 | ||
|---|---|---|---|
| 001 | RU\NLR\bibl\1985827 | ||
| 005 | 20260406013916.0 | ||
| 010 |
_a9785751610821 _93000 |
||
| 021 |
_aRU _b2012-97586 _97214 |
||
| 035 | _a(NLR Aleph) 001974447 | ||
| 090 |
_a4001556 _c4001556 |
||
| 100 | _a20130110d2012 u y0rusy50 ca | ||
| 101 | 0 |
_arus _afre |
|
| 102 | _aRU | ||
| 105 | _ay ||||||||| | ||
| 200 | 1 |
_aСтихотворения _dPoésies _fСтефан Малларме _gпер. с фр., сост. и коммент. Романа Дубровкина _gпредисл. Сергея Зенкина _zfre |
|
| 210 |
_aМосква _cТекст _d2012 |
||
| 215 |
_a235, [2] с. _d17 |
||
| 300 | _aАвт. также на фр. яз.: Stéphane Mallarmé | ||
| 300 | _aТекст парал. на рус. и фр. яз. | ||
| 320 | _aБиблиогр. в тексте коммент.: с. 208-236 и в подстроч. примеч. | ||
| 327 | 1 | _aСодерж.: циклы: Стихотворения; Ранние стихотворения; Из "Сатирического Парнаса"; Из "Современного Парнаса"; Другие стихотворения; Несколько сонетов; Посвящения и надгробья; Другие стихотворения и сонеты | |
| 510 | 1 |
_6z73790 _aPoésies _zfre |
|
| 686 | _aШ6(2=Р)8-57 | ||
| 686 | _aШ6(4Фр)57я44{Лх1647-175} | ||
| 700 | 1 |
_4070 _7ca _8rus _aМалларме _bС. _f1842-1898 _gСтефан _3RU\NLR\auth\7753432 _936364 |
|
| 790 | 1 |
_4070 _8fre _7ba _aMallarmé _bS. _f1842-1898 _gStéphane _3RU\NLR\auth\77119412 _9102337 |
|
| 801 | 0 |
_aRU _bNLR _c20130110 _gRCR |
|
| 801 | 1 |
_aRU _bNLR _c20130110 |
|
| 942 | _cBOOK | ||
| 980 | _aNBR | ||